Mince z celej Európy Trochu numizmatických počtov

Bibliographic Details
Main Author: Duchoň, Jozef (Author)
Corporate Author: Košický zlatý poklad (Author)
Format: Conference Proceeding Article
Language:Slovak
Subjects:

MARC

LEADER 00000nab a2200000 a 4500
001 vtls000893514
003 SK-MaSNL
005 20260303194955.0
008 040720e19950908xo 0 slo
035 |a KE2549 
040 |a KEVKJB  |b slo  |c KEVKJB  |e AACR2 
041 0 |a slo 
044 |a xo  |c SK 
080 |a 737.122.1  |2 1981 
100 1 |a Duchoň, Jozef  |4 aut  |9 317656 
245 1 0 |a Mince z celej Európy  |b Trochu numizmatických počtov 
610 2 7 |a Košický zlatý poklad (Košice, Slovensko)  |2 KEVKJB  |9 881989 
650 0 7 |a numizmatika  |2 KEVKJB  |9 2900 
650 0 7 |a popis  |2 KEVKJB  |9 556565 
650 0 7 |a hodnota historická  |2 KEVKJB  |9 1227665 
650 0 7 |a informácie  |2 KEVKJB  |9 1285 
651 7 |a Košice (Slovensko)  |2 KEVKJB  |9 18694 
651 7 |a KE,  |2 KEVKJB  |9 877256 
655 7 |a periodikum  |2 snkbucl  |9 29553 
711 2 |a Košický zlatý poklad  |c Košice, Slovensko  |4 aut  |9 94881 
773 0 8 |t Košický večer  |g Roč. 6  |g Roč. 28, č.173, 8.9.1995, s. 8 
852 |a ZVYKNI  |b KIS3GCP 
999 |c 2160402  |d 2162332